| 000 | 00483cam a2200205ua 4500 | ||
|---|---|---|---|
| 001 | 7202 | ||
| 008 | 141203n ii |||gr||||Z||||||eng | ||
| 020 | _a8121928702 | ||
| 040 | _cMAIN | ||
| 041 | _aeng | ||
| 082 | _a651.7 | ||
| 100 |
_aJain. V.K., _eAuthor. |
||
| 245 | 1 |
_aBusiness communication _cby V.K. Jain |
|
| 250 | _a1st. | ||
| 260 |
_aNew Delhi: _bS.Chand, _c2010. |
||
| 300 | _a277p. | ||
| 653 | _aBusiness communication | ||
| 700 |
_aBiyani, O., _eAuthor. |
||
| 942 | _cBK | ||
| 999 |
_c6327 _d6327 |
||